Advanced engineering mathematics (Record no. 1337)

000 -LEADER
fixed length control field 00610nam a2200217 a 4500
001 - CONTROL NUMBER
control field 1337
003 - CONTROL NUMBER IDENTIFIER
control field BD-DhUET
008 - FIXED-LENGTH DATA ELEMENTS--GENERAL INFORMATION
fixed length control field 980909s1999 nyua b 001 0 eng
020 ## - INTERNATIONAL STANDARD BOOK NUMBER
International Standard Book Number 047133328X
040 ## - CATALOGING SOURCE
Original cataloging agency DLC
Transcribing agency DLC
Modifying agency BD-DhUET
082 00 - DEWEY DECIMAL CLASSIFICATION NUMBER
Classification number 530.15
Item number KRE/1999
100 ## - MAIN ENTRY--PERSONAL NAME
Personal name Kreyszig, Erwin
245 10 - TITLE STATEMENT
Title Advanced engineering mathematics
250 ## - EDITION STATEMENT
Edition statement 8th ed.
260 ## - PUBLICATION, DISTRIBUTION, ETC. (IMPRINT)
Place of publication, distribution, etc. New Delhi
Name of publisher, distributor, etc. John Wiley & Sons
Date of publication, distribution, etc. 1999
300 ## - PHYSICAL DESCRIPTION
Extent xvi,1156 p.+ various paging
504 ## - BIBLIOGRAPHY, ETC. NOTE
Bibliography, etc Includes bibliographies
650 #0 - SUBJECT ADDED ENTRY--TOPICAL TERM
Topical term or geographic name as entry element Engineering mathematics
856 41 - ELECTRONIC LOCATION AND ACCESS
Uniform Resource Identifier http://www.loc.gov/catdir/toc/onix04/98037591.html
942 ## - ADDED ENTRY ELEMENTS (KOHA)
Koha item type General Book
Holdings
Sublocation or collection (holding branch) Shelving location Withdrawn status Koha date last borrowed Copy number Koha renewals Koha normalized classification for sorting Piece designation (barcode) Not for loan Source of classification or shelving scheme Damaged status Price effective from Lost status Koha item type Koha issues (times borrowed) Location (home branch) Koha date last seen Koha full call number Date acquired
Central Library, BUETCirculation section 2024-01-301 530_000000000000000_15KRE1999103814   2014-09-03 General Book2Central Library, BUET2024-03-06530.15/KRE/19992014-09-03
Central Library, BUETCirculation section  2 530_000000000000000_15KRE1999103815   2014-09-03 General Book Central Library, BUET2014-09-03530.15/KRE/19992014-09-03
Central Library, BUETCirculation section 2024-01-223 530_000000000000000_15KRE1999103816   2014-09-03 General Book6Central Library, BUET2024-02-03530.15/KRE/19992014-09-03
Central Library, BUETCirculation section 2024-01-304 530_000000000000000_15KRE1999103817   2014-09-03 General Book3Central Library, BUET2024-02-17530.15/KRE/19992014-09-03
Central Library, BUETCirculation section 2024-01-305 530_000000000000000_15KRE1999103818   2014-09-03 General Book5Central Library, BUET2024-02-19530.15/KRE/19992014-09-03
Central Library, BUETCirculation section 2024-01-3062530_150000000000000_KRE_199997509   2014-10-27 General Book8Central Library, BUET2024-02-05530.15/KRE/19992014-10-27
Central Library, BUETReading section  7 530_150000000000000_KRE_199996647   2015-06-16 Reading Item Central Library, BUET2015-06-16530.15/KRE/19992015-06-16
Central Library, BUETCirculation section 2025-12-018 530_150000000000000_KRE_199997508   2017-05-28 General Book8Central Library, BUET2026-01-18530.15/KRE/19992003-05-10